| 000 | 00576pab a2200193 454500 | ||
|---|---|---|---|
| 008 | 180718b2013 xxu||||| |||| 00| 0 eng d | ||
| 100 | _aSa, Sachita Nanda | ||
| 245 | _aUtilisation of maternal and child health care services by SCs and STs: A study of two villages of Odisha | ||
| 260 | _c2013 | ||
| 300 | _ap.19-37. | ||
| 362 | _aJul-Sep | ||
| 650 | _aHealth services - India - Odisha | ||
| 650 | _aChild welfare - India - Odisha | ||
| 650 | _aHealth services | ||
| 700 | _aSridevi, G. | ||
| 773 | _aIndian Social Science Review | ||
| 908 | _aN | ||
| 909 | _a104562 | ||
| 999 |
_c104558 _d104558 |
||